000
00211 a2200097 4500
001
2967
100
_a
Johson, S.B
245
_a
Prob in written expression
260
_a
_b
Guldoril press
_c
090
_c
2258
_d
2258
942
_a
NUST-CAE
_c
M
_c
13980
999
_c
238040
_d
238040